banner koha

A importância do gerenciamento de resíduos nos laboratórios de pesquisa (Registro n. 297803)

MARC details
000 -LÍDER
campo de controle de tamanho fixo 01126nac a22003737a 4500
001 - NÚMERO DE CONTROLE
campo de controle BR2013005354
003 - IDENTIFICADOR DO NÚMERO DE CONTROLE
campo de controle BR-BrBNA
005 - DATA E HORÁRIO DA ÚLTIMA TRANSAÇÃO
campo de controle 20240105123955.0
008 - CAMPO DE DADOS FIXOS--INFORMAÇÃO GERAL
campo de controle de tamanho fixo 230509b bl.|||m| |||| 00| 0 por d
040 ## - FONTE DA CATALOGAÇÃO
Instituição da catalogação original BR-BrBNA
Idioma da catalogação por
Instituição que transcreveu o registro Biblioteca Nacional de Agricultura
072 ## - CÓDIGO DE CATEGORIA DE ASSUNTO
Código de Categoria de Assunto Q70
090 ## - NÚMERO DE CHAMADA LOCAL
Número de chamada 3862 BR2013005354
100 1# - ENTRADA PRINCIPAL--NOME PESSOAL
Nome pessoal Pighinelli, A.L.M.T.
100 1# - ENTRADA PRINCIPAL--NOME PESSOAL
Nome pessoal Carvalho, F.B. de P.
100 1# - ENTRADA PRINCIPAL--NOME PESSOAL
Nome pessoal Ghiselli, G.
100 1# - ENTRADA PRINCIPAL--NOME PESSOAL
Nome pessoal Santos, I.E. dos
100 1# - ENTRADA PRINCIPAL--NOME PESSOAL
Nome pessoal Garcia, L.C.
100 1# - ENTRADA PRINCIPAL--NOME PESSOAL
Nome pessoal Costa, P.P.K.G.
100 1# - ENTRADA PRINCIPAL--NOME PESSOAL
Nome pessoal Santosd, R.F. dos
100 1# - ENTRADA PRINCIPAL--NOME PESSOAL
Nome pessoal Mendes, T.D.
110 1# - ENTRADA PRINCIPAL--NOME CORPORATIVO
Nome corporativo ou nome da jurisdição EMBRAPA Agroenergia, Brasília, DF (Brasil)
9 (RLIN) 3532
245 1# - TÍTULO
Título A importância do gerenciamento de resíduos nos laboratórios de pesquisa
260 3# - PUBLICAÇÃO, DISTRIBUIÇÃO, ETC.
Local de publicação, distribuição, etc. Brasília, DF (Brasil):
Data da publicação, distribuição, etc. 2012.
300 ## - DESCRIÇÃO FÍSICA
Extensão 39 p.
490 ## - TÍTULO DA SÉRIE
Título da série Documentos - EMBRAPA Agroenergia (Brazil)
Número do volume ou designação sequencial da série no. 11
ISSN - International Standard Serial Number ISSN 2177-4439
500 ## - NOTA GERAL
Nota geral 25 ref.
650 ## - ASSUNTO--TERMO TÓPICO
Cabeçalho tópico ou nome geográfico RESÍDUO QUÍMICO
650 ## - ASSUNTO--TERMO TÓPICO
Cabeçalho tópico ou nome geográfico LABORATÓRIO
650 ## - ASSUNTO--TERMO TÓPICO
Cabeçalho tópico ou nome geográfico PESQUISA
650 ## - ASSUNTO--TERMO TÓPICO
Cabeçalho tópico ou nome geográfico TRATAMENTO
650 ## - ASSUNTO--TERMO TÓPICO
Cabeçalho tópico ou nome geográfico ACONDICIONAMENTO
909 ## -
-- 202312
-- Lúcia Elande
-- 55
-- Lúcia Elande
942 ## - ELEMENTOS DE ENTRADA ADICIONADOS (KOHA)
Fonte da classificação ou esquema de arquivamento na estante Classificação AGRIS
Ocultar no OPAC Não
Tipo de material Koha Monografia Seriada
Exemplares
Situação do descarte Fonte da classificação ou esquema de arquivamento na estante Situação física Não pode ser emprestado Coleção Biblioteca de origem Biblioteca atual Localização na estante Total de empréstimos Número de telefone completo Código de barras Data de último acesso Tipo de material Koha Fonte de aquisição
  Classificação AGRIS       Biblioteca Nacional de Agricultura - Binagri Biblioteca Nacional de Agricultura - Binagri Agrobase - Acervo Geral   3862 BR2013005354 3862 BR2013005354 18/12/2023 Monografia Seriada Portaria Interministerial nº 164/94

BINAGRI

Telefone: (61)3218-2567/2388/3357/2097 - binagri@agro.gov.br

Ministério da Agricultura e Pecuária , Esplanada dos Ministérios, Bloco D, Anexo B, Brasília/DF, CEP: 70.043-900